00303nam a2200109Ia 4500008004100000082001400041100001300055245004000068260003100108300000800139650004600147191201s2019 xx 000 0 und d a572.3 KUB aKUMAR, N 0aBiochemistry and clinical pathology bAITBS PubaNew Delhic2019 a241 aApplied Biochemistry & Clinical Chemistry